000 00680nab a2200217u 4500
001 19392
003 HDC
007 c| |||a|c|aaaa
008 210227b20091105my ||||o |||| 00| 0 eng d
040 _aHDC
245 0 _aAsda launches World Food Store
336 _atext
_2rdacontent
337 _acomputer
_2rdamedia
338 _aonline resource
_2rdacarrier
650 _aHalal meat counter
_917848
650 _aWorld Food store
_917847
856 _zRequest full-text at [email protected]
942 _2lcc
942 _cNEWS
942 _kNWS0 003552
999 _c16708
_d16708